| 000 | 00431cam a2200181ua 4500 | ||
|---|---|---|---|
| 020 | _cRs 3.00 | ||
| 041 |
_ahin _h |
||
| 082 |
_a891.54 _bBAL/AW |
||
| 100 | _aBalaichand, Mukherjee . | ||
| 245 |
_aAwaran / _cBalaichand Mukherjee. _hTextual Documents |
||
| 250 |
_a1 / _b. |
||
| 260 |
_a : _bRajpal and Sanch , _c1960. |
||
| 300 | _a203 ; . | ||
| 365 | _aRs 3.00 | ||
| 504 | _a | ||
| 942 | _cBK | ||
| 999 |
_c3533 _d3533 |
||